000
00284nam a2200109Ia 4500
008
230907s9999||||xx |||||||||||||| ||und||
082
_a
690.837
_b
MAD
100
_a
Madsen, David A.,
245
0
_a
Modern residential construction practices /
300
_a
xx, 526 pages :
942
_c
BK
999
_c
599208
_d
599208